XX Settembre 1870 e quindi uscimmo a riveder le stelle

Zapisane w:
Opis bibliograficzny
1. autor: Marchetti, Maurizio
Format: Książka
Język:angielski
Wydane: Roma Fabio Croce Editore 2002
Etykiety: Dodaj etykietę
Nie ma etykietki, Dołącz pierwszą etykiete!

MARC

LEADER 00000nam a2200000 4500
005 20240710191802.0
008 240710b |||||||| |||| 00| 0 eng d
020 |a 9788887323665 
040 |c GP 
100 |a Marchetti, Maurizio 
245 |a XX Settembre 1870  |b e quindi uscimmo a riveder le stelle 
260 |a Roma  |b Fabio Croce Editore  |c 2002 
942 |2 ddc  |c BK  |n 0 
952 |0 0  |1 0  |2 ddc  |4 0  |6 853_920000000000000_MAR  |7 1  |9 1616  |a RM  |b RM  |d 2024-07-10  |l 0  |o 853.92 MAR  |p 428  |r 2024-07-10 19:18:21  |w 2024-07-10  |y BK 
999 |c 1435  |d 1435